|
|
|
|
| LEADER |
01175nab#a2200361#ar4500 |
| 001 |
000082513 |
| 003 |
SVKKK |
| 005 |
20070131102741.0 |
| 008 |
050331c2006 ne e eng |
| FMT |
|
|
|
| 015 |
|
|
|a SNBRB2007/01-ccccc
|
| 038 |
|
|
|a SVKKK
|
| 040 |
|
|
|a SVKKK
|b slo
|e AACR2
|
| 041 |
0 |
|
|a eng
|b eng
|
| 044 |
|
|
|a ne
|c NL
|
| 080 |
|
|
|a 550.348.435
|2 1997
|
| 080 |
|
|
|a 624.131.537
|2 1997
|
| 100 |
1 |
|
|a Asch, Th.W.J. van
|4 aut
|
| 242 |
1 |
0 |
|a Vplyv geometrie zosunu a kinematickej deformácie na vysvetlenie stekutenia zosunov: niekoľko teoretických úvah
|
| 245 |
1 |
0 |
|a Influence of landslide geometry and kinematic deformation to describe the liquefaction of landslides: some theoretical considerations
|c Th.W.J. van Asch, J.-P. Malet, L.P.H. van Beek
|
| 300 |
|
|
|b Obr., tab.
|
| 504 |
|
|
|a Bibliogr. odkazy
|
| 504 |
|
|
|a Res. angl.
|
| 650 |
0 |
4 |
|a zosuny jemnozrnné
|x deformácie kinematické
|x stekutenie pôdy
|
| 700 |
1 |
|
|a Beek, L.P.H. van
|4 aut
|
| 700 |
1 |
|
|a Malet, J.-P.
|4 aut
|
| 773 |
0 |
|
|t Engineering geology
|x 0013-7952
|g Roč. 88, č. 1-2 (2006), s. 59-69
|
| 958 |
|
|
|a NB
|
| 992 |
|
|
|a RBX
|
| BAS |
|
|
|
| 852 |
|
|
|a SVKKK
|b BIB
|
| EXP |
|
|
|
| 998 |
|
|
|a GEO
|